[Event "Athens ChessSquare Spring op"]
[Site "Athens"]
[Date "2016.06.25"]
[Round "7"]
[White "Papathanasopoulos, Nikolaos"]
[Black "Synetos, Dionysios"]
[Result "1-0"]
[WhiteElo "1630"]
[BlackElo "1673"]
[PlyCount "79"]
[EventDate "2016.04.23"]
[EventType "swiss"]
[EventRounds "7"]
[EventCountry "GRE"]
[SourceTitle "EXT 2024"]
[Source "ChessBase"]
[SourceDate "2023.10.10"]
[SourceVersion "1"]
[SourceVersionDate "2023.10.10"]
[SourceQuality "1"]

1. b3 d5 2. Bb2 c6 3. e3 Nf6 4. f4 Bg4 5. Be2 Bxe2 6. Qxe2 Nbd7 7. Nf3 e6 8. 0-0 Bd6 9. Ne5 Qc7 10. Nxd7 Qxd7 11. d3 Qe7 12. Nd2 e5 13. f5 h5 14. e4 dxe4 15. Nxe4 Nxe4 16. Qxe4 Bc5+ 17. Kh1 f6 18. Rae1 0-0-0 19. d4 Bd6 20. dxe5 fxe5 21. Bc3 Rhe8 22. b4 Qf7 23. a4 Qd5 24. Qe3 Qc4 25. b5 Bc7 26. bxc6 Qxc6 27. Rb1 Bb6 28. Qg3 h4 29. Qh3 Qf6 30. a5 Bd4 31. Be1 Qa6 32. Bxh4 Rd7 33. f6 gxf6 34. Rxf6 Qc4 35. Rd6 Qa4 36. Qf3 e4 37. Qf5 Re5 38. Qf8+ Kc7 39. Bd8+ Kc8 40. Bb6+ 1-0

[Event "Heraklio op 15th"]
[Site "Athens"]
[Date "2012.06.13"]
[Round "5"]
[White "Ignatiadis, Konstantinos"]
[Black "Papathanasopoulos, Nikolaos"]
[Result "1-0"]
[WhiteElo "2141"]
[BlackElo "1667"]
[PlyCount "71"]
[EventDate "2012.06.09"]
[EventType "swiss"]
[EventRounds "9"]
[EventCountry "GRE"]
[SourceTitle "CBM 148 Extra"]
[Source "ChessBase"]
[SourceDate "2012.06.22"]
[SourceVersion "1"]
[SourceVersionDate "2012.06.22"]
[SourceQuality "1"]

1. d4 Nf6 2. Bg5 Ne4 3. Bf4 c5 4. f3 Qa5+ 5. c3 Nf6 6. Nd2 d6 7. e4 g6 8. d5 Bg7 9. a4 0-0 10. Nc4 Qd8 11. Qd2 Re8 12. Ne2 b6 13. Bh6 Bh8 14. Ng3 Ba6 15. h4 Bxc4 16. Bxc4 Nbd7 17. Bb5 a6 18. Bc6 Rb8 19. h5 Ne5 20. Bxe8 Qxe8 21. Qe2 c4 22. 0-0 Nfd7 23. Be3 Nc5 24. f4 Ned3 25. Bd4 Bxd4+ 26. cxd4 Nb3 27. f5 Nxd4 28. Qg4 Ne5 29. Qh3 g5 30. f6 e6 31. Rad1 Nc2 32. dxe6 Ne3 33. e7 Qc6 34. Nf5 Nxf1 35. Rxd6 Qe8 36. Kxf1 1-0